| 000 | 00782nam a22002657a 4500 | ||
|---|---|---|---|
| 008 | 130619b xxu||||| |||| 00| 0 eng d | ||
| 020 | _a81-239-0348-0 | ||
| 024 | _cAvailable | ||
| 037 | _cAvailable | ||
| 040 |
_aMBSTU LIBRARY _dMBSTU LIBRARY |
||
| 082 |
_222 _a363.703 SHD |
||
| 100 | _aSharma, J.L. | ||
| 110 | _aR.K. Kadian and P.L. Buldini | ||
| 245 | _aA dictionary of environment | ||
| 260 |
_aNew Delhi _bCBS Publishers. _c2001 |
||
| 300 |
_a22 cm _b370 page _f5 _g22 cm. |
||
| 600 | _2Environment - dictionaries. | ||
| 650 | _2Environment - dictionaries. | ||
| 700 | _aSharma, J.L. | ||
| 710 | _aR.K. Kadian and P.L. Buldini | ||
| 270 |
_aNew Delhi _bNew Delhi _dIndia |
||
| 365 |
_b125.00 _d125.00 |
||
| 942 |
_2ddc _cBK |
||
| 999 |
_c513 _d513 |
||